Lentes progresivas: evolución científica hasta la quinta generación
Uloženo v:
| Hlavní autor: | |
|---|---|
| Médium: | Kniha |
| Jazyk: | španělština |
| Vydáno: |
Madrid, España
Complutense
2000
|
| Témata: | |
| Tagy: |
Přidat tag
Žádné tagy, Buďte první, kdo vytvoří štítek k tomuto záznamu!
|
MARC
| LEADER | 00000nam a2200000 a 4500 | ||
|---|---|---|---|
| 001 | UCN2800 | ||
| 003 | CL-VaPUC | ||
| 005 | 20250228084103.0 | ||
| 008 | 010608e20000000SP |||||||||||||||||spa|d | ||
| 999 | |c 295832 |d 295830 | ||
| 040 | |c Pontificia Universidad Católica de Valparaíso | ||
| 082 | 0 | 4 | |a 681.423 BOI 2000 |2 21 |
| 100 | 0 | |a Boix y Palacián, José Miguel |9 458964 | |
| 245 | 1 | 0 | |a Lentes progresivas: evolución científica hasta la quinta generación |
| 260 | 0 | 3 | |a Madrid, España |b Complutense |c 2000 |
| 300 | |a 117 páginas | ||
| 500 | |a Incluye cd | ||
| 583 | |a last modification |c 20010608 00:00:00 |k Rodrigo Vera | ||
| 650 | 7 | |a DISPOSITIVOS OPTICOS |2 CL-VaPUC |9 433969 | |
| 650 | 7 | |a OPTOMETRIA |2 CL-VaPUC |9 458965 | |
| 650 | 7 | |a PRESBICIA |2 CL-VaPUC |9 454077 | |
| 650 | 0 | |a Enfermedades oculares |9 431653 | |
| 650 | 0 | |a Optica |9 263171 | |
| 650 | 0 | |a Vidrio óptico |9 366674 | |
| 650 | 7 | |a LENTES ESTABILIZADAS |2 CL-VaPUC |9 458966 | |
| 942 | |c BK |2 ddc | ||
| 945 | |d 20010608 00:00:00 |a vberengu | ||
| 952 | |0 0 |1 0 |2 ddc |4 0 |6 681_423000000000000_BOI_2000 |7 0 |8 A |9 349201 |a BIBCUR |b BIBCUR |d 2019-11-20 |i 3701905 |o 681.423 BOI 2000 |p 3701905 |r 2025-04-22 |t 1 |w 2019-11-20 |y BK |k TEM | ||
| 952 | |0 0 |1 0 |2 ddc |4 0 |6 681_423000000000000_BOI_2000 |7 0 |8 A |9 349202 |a BIBCUR |b BIBCUR |d 2019-11-20 |i 3701913 |o 681.423 BOI 2000 |p 3701913 |r 2025-04-22 |t 2 |w 2019-11-20 |y BK |k TEM | ||